Marketing hotelero (Registro nro. 4077)
[ vista simple ]
| 000 -CABECERA | |
|---|---|
| campo de control de longitud fija | 00627aam a2200241 4500 |
| 005 - FECHA Y HORA DE ACTUALIZACIÓN | |
| campo de control | 20161018144442.0 |
| 008 - LONGITUD FIJA | |
| campo de control de longitud fija | 150320b xxu||||| |||| 00| 0 spa d |
| 041 ## - IDIOMA | |
| Código de idioma del texto/pista de sonido o título separado | |
| 082 ## - CLASIFICACIÓN DECIMAL DEWEY | |
| Número de clasificación | 1.2.47 A173m |
| 100 ## - AUTOR PERSONAL | |
| Nombre de persona | Acerenza, Miguel Ángel |
| 245 ## - TÍTULO PROPIAMENTE DICHO | |
| Título | Marketing hotelero |
| 260 ## - PIE DE IMPRENTA | |
| Lugar de publicación, distribución, etc. | México |
| Nombre del editor, distribuidor, etc. | Trillas |
| Fecha de publicación, distribución, etc. | 2004 |
| 300 ## - DESCRIPCIÓN FÍSICA | |
| Extensión | 86 páginas |
| 650 ## - Materia General | |
| Materia general | MARKETING HOTELERO |
| 650 ## - Materia General | |
| Materia general | HOTELES |
| 650 ## - Materia General | |
| Materia general | SERVICIO HOTELERO |
| 650 ## - Materia General | |
| Materia general | MERCADO |
| 650 ## - Materia General | |
| Materia general | TARIFAS |
| 650 ## - Materia General | |
| Materia general | PUBLICIDAD |
| 650 ## - Materia General | |
| Materia general | RELACIONES PUBLICAS |
| 650 ## - Materia General | |
| Materia general | VENTAS |
| 942 ## - Punto de Acceso Adicional Koha | |
| Tipo de ítem Koha | Libro |
| Estado perdido | Estado dañado | No para préstamo | Biblioteca permanente | Biblioteca actual | Signatura completa | Código de barras | Precio efectivo a partir del | Tipo de ítem |
|---|---|---|---|---|---|---|---|---|
| Departamento de Biblioteca y Documentación Alfonso Chase Brenes | Departamento de Biblioteca y Documentación Alfonso Chase Brenes | 1.2.47 A173m | 12948 | 22/11/2016 | Libro | |||
| Departamento de Biblioteca y Documentación Alfonso Chase Brenes | Departamento de Biblioteca y Documentación Alfonso Chase Brenes | 1.2.47 A173m | 12949 | 22/11/2016 | Libro | |||
| Departamento de Biblioteca y Documentación Alfonso Chase Brenes | Departamento de Biblioteca y Documentación Alfonso Chase Brenes | 1.2.47 A173m | 14693 | 22/11/2016 | Libro |